বাংলাদেশ উদ্ভিদ ও প্রাণী জ্ঞানকোষ: (Record no. 11664)
[ view plain ]
| 000 -LEADER | |
|---|---|
| fixed length control field | 00904nam a2200253 a 4500 |
| 001 - CONTROL NUMBER | |
| JCCL Control Number | 11664 |
| 003 - CONTROL NUMBER IDENTIFIER | |
| JCCL marc code | BD-JhCC |
| 005 - DATE AND TIME OF LATEST TRANSACTION | |
| control field | 20200715122128.0 |
| 008 - FIXED-LENGTH DATA ELEMENTS--GENERAL INFORMATION | |
| fixed length control field | 200715b2011 bg a|||| ||a| 001 0 mul d |
| 020 ## - INTERNATIONAL STANDARD BOOK NUMBER | |
| International Standard Book Number | 9843000002860 |
| 035 ## - SYSTEM CONTROL NUMBER | |
| system control number | (BD-JhCC)11664 |
| 040 ## - CATALOGING SOURCE | |
| Original cataloging agency | BD-JhCC |
| Modifying agency | BD-JhCC |
| 041 ## - LANGUAGE CODE | |
| Language code of Book | mul |
| 082 ## - DEWEY DECIMAL CLASSIFICATION NUMBER | |
| Classification number | 570.9 |
| Author mark and Year | BAN 2011 |
| 245 ## - TITLE STATEMENT | |
| Title | বাংলাদেশ উদ্ভিদ ও প্রাণী জ্ঞানকোষ: |
| Remainder of title | নির্ঘণ্ট উদ্ভিদ / |
| Statement of responsibility, etc | সম্পা: জিয়া উদ্দিন আহমেদ । |
| 260 ## - PUBLICATION, DISTRIBUTION, ETC. (IMPRINT) | |
| Place of publication, distribution, etc | ঢাকা: |
| Name of publisher, distributor, etc | বাংলাদেশ এশিয়াটিক সোসাইটি; |
| Date of publication, distribution, etc | ২০১১. |
| 300 ## - PHYSICAL DESCRIPTION | |
| Pagination | 323 p. : |
| Other physical details | ill; |
| Dimensions | 26 cm. |
| 650 ## - SUBJECT ADDED ENTRY--TOPICAL TERM | |
| Topical term or geographic name as entry element | Biology |
| 650 ## - SUBJECT ADDED ENTRY--TOPICAL TERM | |
| Topical term or geographic name as entry element | Zoology |
| 650 ## - SUBJECT ADDED ENTRY--TOPICAL TERM | |
| Topical term or geographic name as entry element | Disctionay |
| 700 ## - ADDED ENTRY--PERSONAL NAME | |
| Personal name | আহমেদ, জিয়া উদ্দিন |
| 942 ## - ADDED ENTRY ELEMENTS (KOHA) | |
| Source of classification or shelving scheme | Dewey Decimal Classification |
| Koha item type | Books |
| Source of classification or shelving scheme | volume number | Damaged status | Not for loan | Home library | Current library | Shelving location | Date of accession | Cost, normal purchase price | Total Checkouts | Full call number | Barcode | Date last seen | Copy number | Koha item type |
|---|---|---|---|---|---|---|---|---|---|---|---|---|---|---|
| Dewey Decimal Classification | V-13 | JCC Rouf Library | JCC Rouf Library | General Stacks | 07/15/2020 | 350.00 | 570.9 BAN 2011 | 15952 | 07/15/2020 | C-1 | Books |